000 00728nam a2200253Ia 4500
003 OSt
005 20220918222254.0
006 a|||||r|||| 00| 0
007 ta
008 220917b |||||||| |||| 00| 0 eng d
024 _a216,310
037 _cTextual
040 _aARTS
_cARTS
_beng
041 _2eng
_aeng
082 _aX:75.2.N9, P2
100 _aChandrasekhar C.P.
_924661
245 0 _aMarket that failed
_b a decade of neoliberal economic reforms in India
260 _aNew Delhi
_bLeft word
_c2002
300 _axiii, 192p
_ccm.
650 _aECONOMICS
700 _a Ghosh Jayati
_924660
942 _hX:75.2.N9, P2
_cTEXL
_2CC
999 _c275053
_d275053